El lenguaje del arte : psicologia y sociologia del arte /
Guardado en:
| Autor Principal: | |
|---|---|
| Formato: | Libro |
| Publicado: |
Buenos Aires :
Paidos,
1965
|
| Materias: | |
| Etiquetas: |
Agregar Etiqueta
Sin Etiquetas, Sea el primero en etiquetar este registro!
|
| LEADER | 00476nam a22001575a 4500 | ||
|---|---|---|---|
| 001 | EHU.bham005695 | ||
| 003 | AR-BHAM | ||
| 005 | 20090430110859.0 | ||
| 008 | 130507s1965##################000#0#####d | ||
| 082 | 7 | 0 | |a 701 |
| 100 | 1 | |a Kogan, Jacobo | |
| 245 | 1 | 0 | |a El lenguaje del arte : |b psicologia y sociologia del arte / |c Jacobo Kogan. |
| 260 | |a Buenos Aires : |b Paidos, |c 1965 | ||
| 300 | |a 220 p. | ||
| 653 | |a Arte-filosofia del | ||
| 859 | |a AR-BHAM |b BIB. HUMANIDADES - General |h 701 |i K822 |p 744.88 |t Ej.1 | ||
